000 01845nam0a2200325 4500
001 RU\NLR\bibl\1860249
005 20260408121704.0
010 _a978-5-699-47485-1
_93000
021 _aRU
_b2011-72397
035 _a(NLR Aleph) 001850152
090 _a2390701
_c2390701
100 _a20120125d2011 |||y0rusy50 ca
101 0 _arus
102 _aRU
105 _ay |||||||||
200 1 _aКодекс торгового мореплавания Российской Федерации
_eтекст с изменениями и дополнениями на 2011 год
_e[от 30 апреля 1999 года N° 81-ФЗ
_eпринят Государственной Думой 31 марта 1999 года
_eодобрен Советом Федерации 22 апреля 1999 года
_e(в ред. Федеральных законов от 26.05.2001 N° 59-ФЗ ... от 19.07.2011 N° 248-ФЗ)]
210 _aМосква
_cЭксмо
_d2011
215 _a185 с.
_d21
225 1 _aБиблиотечка Российской газеты
225 1 _aАктуальное законодательство: библиотечкака "Российской газеты"
604 _171001$aРоссийская Федерация
_150011$aКодекс торгового мореплавания$2nlr_sh2$3RU\NLR\AUTH\661277542
_aРоссийская Федерация
_tКодекс торгового мореплавания
_92114495
_3RU\NLR\AUTH\661277542
686 _aХ623.211.94-324.9(2Р)
740 1 _aРоссийская Федерация
_tЗаконы
_iКодекс торгового мореплавания
_3RU\NLR\AUTH\880401180
_9469252
801 0 _aRU
_bNLR
_c20120125
_gRCR
801 1 _aRU
_bNLR
_c20120125
942 _cBOOK
980 _aNB
980 _aNBR